000 00696nam a2200193 a 4500
003 0
005 20250619091842.0
008 030603s19uu xx 00 eng d
050 _aPHS HQ 471
_b.T36 2000
100 _aTan, Charles Cedric.
245 _aPerception and effects of pornography among teenagers /
_cCharles Cedric Tan.
260 _aLas PiƱas City, Philippines :
_bSouthville International School and Colleges,
_c2000.
300 _a39 pages :
_billustrations ;
_c28 cm.
504 _aIncludes bibliographical references.
650 _aPornography
_xPsychological aspects.
650 _aPornography
_xSocial aspects.
650 _aSexual behavior in adolescence.
942 _2lcc
_cPASS
999 _c96266
_d96266